30 Random Harry Potter Last Names - Statistics

General Stats
  • This quiz has been taken 56 times
  • The average score is 22 of 30
Answer Stats
First (And Middle) Name Last Or Maiden Name % Correct
Cuthbert Binns
100%
Bellatrix Black
100%
Narcissa Black
100%
Orion Black
100%
Phineas Nigellus Black
100%
Sirius Black
100%
Lavender Brown
100%
Amycus Carrow
100%
Colin Creevey
100%
Barty Jr. Crouch
100%
Fleur Delacour
100%
Cedric Diggory
100%
Aberforth Dumbledore
100%
Albus Dumbledore
100%
Vernon Dursley
100%
Marjorie Dursley
100%
Arabella Figg
100%
Filius Flitwick
100%
Cornelius Fudge
100%
Marvolo Gaunt
100%
Gregory Goyle
100%
Hermione Granger
100%
Wilhelmina Grubbly-Plank
100%
Godric Gryffindor
100%
Helga Hufflepuff
100%
Angelina Johnson
100%
Lee Jordan
100%
Viktor Krum
100%
Gilderoy Lockhart
100%
Alice Longbottom
100%
Neville Longbottom
100%
Xenophilius Lovegood
100%
Remus Lupin
100%
Ernie Macmillan
100%
Draco Malfoy
100%
Scorpius Malfoy
100%
Narcissa Malfoy
100%
Cormac McLaggen
100%
Alastor Moody
100%
Padma Patil
100%
Parvati Patil
100%
Peter Pettigrew
100%
Harry Potter
100%
James Potter
100%
Albus Severus Potter
100%
Quirinus Quirrell
100%
Tom Sr. Riddle
100%
Newt Scamander
100%
Rufus Scrimgeor
100%
Stanley Shunpike
100%
Dean Thomas
100%
Nymphadora Tonks
100%
Sybill Trelawney
100%
Romilda Vane
100%
Arthur Weasley
100%
Bill Weasley
100%
Fred Weasley
100%
George Weasley
100%
Percy Weasley
100%
Ron Weasley
100%
Molly II Weasley
100%
Oliver Wood
100%
Blaise Zabini
100%
Ariana Dumbledore
92%
Rodolphus Lestrange
92%
Hannah Abbot
90%
Barty Sr. Crouch
90%
Tom Jr. Riddle
90%
Amos Diggory
89%
Morfin Gaunt
89%
Pansy Parkinson
89%
Severus Snape
89%
Fred II Weasley
89%
Regulus Black
88%
Susan Bones
88%
Petunia Evans
88%
Merope Gaunt
88%
Rubeus Hagrid
88%
Astoria Greengrass
86%
Ignotus Peverell
86%
Fabian Prewett
86%
Kingsley Shacklebolt
86%
Rita Skeeter
86%
Ginny Weasley
86%
Elphias Doge
83%
Antonin Dolohov
83%
Minerva McGonagall
83%
Poppy Pomfrey
83%
James Sirius Potter
83%
Hepzibah Smith
83%
Dolores Umbridge
83%
Charlie Weasley
83%
Dominique Weasley
83%
Dedalus Diggle
82%
Marcus (B) Belby
80%
Milicent Bulstrode
80%
Charity Burbage
80%
Cho Chang
80%
Vincent Crabbe
80%
Gabriele Delacour
80%
Kendra Dumbledore
80%
Marcus (F) Flint
80%
Rabastan Lestrange
80%
Pandora Lovegood
80%
Lucius Malfoy
80%
Olympe Maxime
80%
Marlene McKinnon
80%
Helena Ravenclaw
80%
Alicia Spinnet
80%
Victoire Weasley
80%
Lily Evans
78%
Bathilda Bagshot
75%
Alphard Black
75%
Penelope Clearwater
75%
Percival Dumbledore
75%
Anthony Goldstein
75%
Fenrir Greyback
75%
Frank (L) Longbottom
75%
Luna Lovegood
75%
Rowena Ravenclaw
75%
Evan Rosier
75%
Horace Slughorn
75%
Tobias Snape
75%
Frank (B) Bryce
71%
Dudley Dursley
71%
Salazar Slytherin
71%
Zacarias Smith
69%
Ludo Bagman
67%
Alecto Carrow
67%
Reginald Catermole
67%
Michael Corner
67%
Dirk Cresswell
67%
Marietta Edgecombe
67%
Bertha Jorkins
67%
Igor Karkaroff
67%
Teddy Lupin
67%
Bob Ogden
67%
Cadmus Peverell
67%
Lily Luna Potter
67%
Aurora Sinistra
67%
Celestina Warbeck
67%
Septima Vector
64%
Terry Boot
63%
Seamus Finnigan
60%
Walden Macnair
60%
Antioch Peverell
60%
Piers Polkiss
60%
Pamona Sprout
60%
Emmeline Vance
60%
Lucy Weasley
60%
Walburga Black
57%
Mundungus Fletcher
57%
Mafalda Hopkirk
57%
Eileen Prince
57%
Gideon Prewett
56%
Roger Davies
55%
Katie Bell
50%
Andromeda Black
50%
Broderick Bode
50%
Argus Filch
50%
Augusta Longbottom
50%
Molly Prewett
50%
Demelza Robins
50%
Thorfinn Rowle
50%
Pius Thicknesse
50%
Louis Weasley
50%
Dennis Creevey
43%
Armando Dippet
43%
Gellert Grindlewald
43%
Andrew Kirke
43%
Jack Sloper
43%
Rolanda Hooch
40%
Ted Tonks
40%
Amelia Bones
33%
Ritchie Coote
33%
Apolline Delacour
33%
Gwenog Jones
33%
Hestia Jones
33%
Albert Runcorn
33%
Roxanne Weasley
33%
Monsieur Delacour
29%
Garrick Olivander
29%
Rolf Scamander
29%
Mykew Gregorovitch
25%
Mary (M) MacDonald
25%
Sturgis Podmore
25%
Augustus Rookwood
25%
Corban Yaxley
25%
John Dawlish
20%
Florean Fortescue
20%
Hugo Granger-Weasley
20%
Jimmy Peakes
20%
Wilkie Twycross
20%
Rose Granger-Weasley
17%
Mark Evans
14%
Mary (C) Catermole
0%
Saul Croaker
0%
Justin Flinch-Fletchley
0%
Daphne Greengrass
0%
Griselda Marchbanks
0%
No matching quizzes found
Score Distribution
Percent of People with Each Score
Percentile by Number Answered
Your Score History
You have not taken this quiz